000 00739nam a2200217Ia 4500
001 7380
003 GE_BSU
008 181216s||||||||xx |||||||||||||| ||und||
040 _cGE_BSU
080 _a621.91(075.32)
100 _aДанилевский,В.В.
245 _aЛабораторные работы по технологий машиностроения.
245 _bУчебное пособие.
245 _cРед.М.Т.Самсонова.
260 _aМ.
260 _bВысшая школа.
260 _c1971.
300 _a240стр. 20 см. с илл. библиогр.:стр.234.
653 _aЛабораторные работы по технологий машиностроения.
942 _cBK
999 _c40741
_d40741